00418nam a2200157Ia 450000100060000000800410000602000180004704000130006508200210007810000170009924500390011626000640015530000110021954600070023065000230023762998150107s9999 xx 000 0 und d a9788184487282 cPK-LaUMT a 616.0756bARO-M aAroor, A. R. aMedical biochemistrycAroor, A. R. aNew Delhi,India:bJaypee Brothers Medical Publishers,c2011 a920 p. aEN aClinical chemistry